| 000 | 01444cam a22002174a 4500 | ||
|---|---|---|---|
| 005 | 20250605164105.0 | ||
| 008 | 250528s ||||||||||||||||||||||||d | ||
| 035 | _a17711 | ||
| 020 | _a9781455751556 | ||
| 040 |
_aGR-AtMCL _bgre _dGR-AtMCL _eAACR2 |
||
| 245 | 1 | _aRobbins and Cotran Review of Pathology / Fourth Edition | |
| 250 | _a4th | ||
| 260 |
_bElsevier Saunders, _c2015 |
||
| 300 | _a492 | ||
| 520 | _aEffectively master the most important principles and facts in pathology with this easy-to-use edition. The Cell as a Unit of Health and Disease, Cellular Pathology, Inflammation and Repair, Inflammation and Repair, Hemodynamic Disorders, Genetic Disorders, Immune System Disorders, Neoplastic Disorders, Infectious Disorders, Environmental and Nutritional Disorders, Diseases of Infancy and Childhood, Diseases of Organ Systems, Blood Vessels, The Heart, Hematopathology of White Blood Cells, Hematopathology of Red Blood Cells and Bleeding Disorders, The Lung, Head and Neck, Gastrointestinal Tract, Liver and Biliary Tract, Pancreas, Kidney, The Lower Urinary Tract and Male Genital System, Female Genital Tract, The Breast, The Endocrine System, The Skin, Bones and Joints and Soft Tissue Tumors, Peripheral Nerve and Skeletal Muscle, Central Nervous System, The Eye, Final Review and Assessment. | ||
| 700 | 1 |
_aKlatt Edward C _93896 |
|
| 700 | 1 |
_aKumar Vinay _93897 |
|
| 942 | _cBK | ||
| 999 |
_c3112 _d3112 |
||